Sports Quiz

Random Sports or Baseball Quiz

MLB: Relievers with Most K's Since 2000 Quiz Stats

 Plays Quiz Updated Jul 29, 2018

Score 0/19 Timer 10:00
2 Plays Today
Year Pitcher % Correct
2012Aroldis Chapman
92.7%
2013Aroldis Chapman
92.7%
2000Byung-Hyun Kim
82.2%
2011Craig Kimbrel
79.5%
2017Craig Kimbrel
79.5%
2003Eric Gagne
67.9%
2014Dellin Betances
65%
2015Dellin Betances
65%
2016Dellin Betances
65%
2004Brad Lidge
48.3%
Year Pitcher % Correct
2005Brad Lidge
48.3%
2017Corey Knebel
32.2%
2008Carlos Marmol
22%
2010Carlos Marmol
22%
2001Octavio Dotel
18.3%
2002Octavio Dotel
18.3%
2007Heath Bell
16.4%
2009Jonathan Broxton
12.8%
2006Takashi Saito
5.9%

You're not logged in!

Compare scores with friends on all Sporcle quizzes.
OR
Log In

Sporcle TV

Today on Sporcle TV


Watch our educational content, quiz creation guides, and fun videos on Sporcle TV.

Show Comments

Extras

Top Quizzes Today


Score Distribution

Your Account Isn't Verified!

In order to create a playlist on Sporcle, you need to verify the email address you used during registration. Go to your Sporcle Settings to finish the process.

Report this User

Report this user for behavior that violates our Community Guidelines.

Details: